003160000a2200085000450024500170000030000410001750000140005852001130007277300450018510aSaber pelear aNúmero 32 (Mayo, 2008), Página 3 aEditorial aUn resumen del propósito y la tradición de "Debate Societies" y la evidencia de su ausencia en Colombia.0 tArcadia / Andrés Felipe Solano, Editor